000 00451cam a2200193ua 4500
001 819
005 20260515113229.0
008 110420n ii |||gr||||Z||||||eng
040 _cMAIN
082 _a320.3
245 1 _aComparative politics
_cby Hans Raj
250 _a1st.
260 _aDelhi:
_bSurjeet.
300 _a388p.:
_c20cm.
653 _aPolitical science
653 _aComparative politics
700 _aRaj, Hans.,
_eAuthor.
942 _cBK
999 _c744
_d744